The Theory of Groups /

Spremljeno u:
Bibliografski detalji
Glavni autor: Hall, Marshall
Format: Sách giấy
Jezik:English
Izdano: New York : The Macmillan , 1959
Oznake: Dodaj oznaku
Bez oznaka, Budi prvi tko označuje ovaj zapis!
Thư viện lưu trữ: Thư viện Trường Đại học Đà Lạt
LEADER 00550nam a2200241 4500
001 DLU020011171
005 ##12/24/1999
041 # # |a eng 
082 # # |a 512.2  |b HA-M 
090 # # |a 512.2  |b HA-M 
100 # # |a Hall, Marshall 
245 # # |a The Theory of Groups /  |c Hall Marshall 
260 # # |a New York :  |b The Macmillan ,  |c 1959 
300 # # |a X, 434 tr.;   |c 22 cm. 
992 # # |a 8000 
994 # # |a DLU 
900 # # |a False 
911 # # |a Administrator 
925 # # |a G 
926 # # |a A 
927 # # |a SH 
980 # # |a Thư viện Trường Đại học Đà Lạt